Candide and other romances / (Record no. 1279)
[ view plain ]
| 000 -CABECERA | |
|---|---|
| campo de control de longitud fija | 00683nam a2200193 a 4500 |
| 001 - NÚMERO DE CONTROL | |
| campo de control | 000001350 |
| 005 - FECHA Y HORA DE LA ÚLTIMA TRANSACCIÓN | |
| campo de control | 20200929145542.0 |
| 008 - DATOS DE LONGITUD FIJA--INFORMACIÓN GENERAL | |
| campo de control de longitud fija | 821012s1928 enka 000 1 eng |
| 040 ## - FUENTE DE LA CATALOGACIÓN | |
| Centro catalogador/agencia de origen | DO-SdBNP |
| Lengua de catalogación | spa |
| Centro/agencia transcriptor | BNPHU |
| 082 ## - NÚMERO DE LA CLASIFICACIÓN DECIMAL DEWEY | |
| Número de clasificación | 843.4 |
| Número de documento/Ítem | V935c |
| 100 1# - ENTRADA PRINCIPAL--NOMBRE DE PERSONA | |
| Nombre de persona | Voltaire. |
| Forma completa/desarrollada del nombre | (François Marie Arouet), |
| Fechas asociadas al nombre | 1694-1778. |
| 9 (RLIN) | 4533 |
| 245 10 - MENCIÓN DE TÍTULO | |
| Título | Candide and other romances / |
| Mención de responsabilidad, etc. | Voltaire ; traducción Richard Aldington. |
| 260 ## - PUBLICACIÓN, DISTRIBUCIÓN, ETC. | |
| Lugar de publicación, distribución, etc. | London, Great Britain : |
| Nombre del editor, distribuidor, etc. | Abbey Library, |
| Fecha de publicación, distribución, etc. | [1928?]. |
| 300 ## - DESCRIPCIÓN FÍSICA | |
| Extensión | xxxiii, 220 p. : |
| Otras características físicas | il. ; |
| Dimensiones | 23 cm. |
| 500 ## - NOTA GENERAL | |
| Nota general | Incluye notas a pie de páginas |
| 650 #4 - PUNTO DE ACCESO ADICIONAL DE MATERIA--TÉRMINO DE MATERIA | |
| Término de materia o nombre geográfico como elemento de entrada | Novela francesa |
| 9 (RLIN) | 1075 |
| 650 #4 - PUNTO DE ACCESO ADICIONAL DE MATERIA--TÉRMINO DE MATERIA | |
| Término de materia o nombre geográfico como elemento de entrada | Literatura francesa |
| 9 (RLIN) | 1074 |
| 700 1# - PUNTO DE ACCESO ADICIONAL--NOMBRE DE PERSONA | |
| Nombre de persona | Aldington, Richard, |
| Fechas asociadas al nombre | 1892-1962. |
| Término indicativo de función/relación | tr. |
| 9 (RLIN) | 4534 |
| Estado de retiro | Estado de pérdida | Restricciones de uso | No para préstamo | Código de colección | Localización permanente | Ubicación/localización actual | Ubicación en estantería | Fecha de adquisición | Número de inventario | Total de préstamos | Signatura topográfica completa | Código de barras | Fecha visto por última vez | Precio válido a partir de | Tipo de ítem Koha | Número de copia |
|---|---|---|---|---|---|---|---|---|---|---|---|---|---|---|---|---|
| Excluido de préstamo | Monografías: Libros y Folletos | General | General | Depósito | 14.09.2009 | LF1 | 843.4 V935c | 1350-10 | 25.06.2020 | 25.06.2020 | No se presta | |||||
| Extraviado | Excluido de préstamo | Monografías: Libros y Folletos | General | General | Extraviado | 26.05.2017 | LF1 | 843.4 V935c | 1350-20 | 25.06.2020 | 25.06.2020 | No se presta | e. 2 |
